<?xml version="1.0" encoding="UTF-8"?>
<resp>
  <nextPage>https://data.bn.org.pl/api/networks/bibs.marcxml?marc=001+b00001150003053&amp;sinceId=1150003054</nextPage>
  <collection>
    <record xmlns='http://www.loc.gov/MARC21/slim'><leader>01002namZa2200337ZiZ4500</leader><controlfield tag='001'>b00001150003053</controlfield><controlfield tag='005'>20241203213852.3</controlfield><controlfield tag='008'>230609s        pl           |000 0 pol c</controlfield><controlfield tag='009'>9913261765305606</controlfield><datafield ind1=' ' ind2=' ' tag='020'><subfield code='a'>838843117X</subfield></datafield><datafield ind1=' ' ind2=' ' tag='035'><subfield code='a'>KR_1KR_1_20120317233503077327-48omnis_kr</subfield></datafield><datafield ind1=' ' ind2=' ' tag='035'><subfield code='a'>KR_1_20120317233503077327</subfield><subfield code='9'>ExL</subfield></datafield><datafield ind1=' ' ind2=' ' tag='035'><subfield code='a'>(PL)b00001150003053</subfield></datafield><datafield ind1=' ' ind2=' ' tag='040'><subfield code='a'>KR_1</subfield><subfield code='c'>KR_1</subfield></datafield><datafield ind1='1' ind2=' ' tag='041'><subfield code='a'>pol</subfield><subfield code='h'>eng</subfield></datafield><datafield ind1='1' ind2=' ' tag='100'><subfield code='a'>Pohl, Frederik</subfield></datafield><datafield ind1='1' ind2='0' tag='245'><subfield code='a'>Spotkanie z Heechami /</subfield><subfield code='c'>Frederik Pohl ; przekł. Jolanta Pers.</subfield></datafield><datafield ind1=' ' ind2=' ' tag='260'><subfield code='a'>Olsztyn :</subfield><subfield code='b'>&quot;Solaris&quot;,</subfield><subfield code='c'>2001.</subfield></datafield><datafield ind1=' ' ind2=' ' tag='300'><subfield code='a'>349 s. ;</subfield><subfield code='c'>20 cm.</subfield></datafield><datafield ind1='1' ind2=' ' tag='490'><subfield code='a'>Kanon Science Fiction</subfield></datafield><datafield ind1='1' ind2=' ' tag='490'><subfield code='a'>Gateway / Frederik Pohl</subfield></datafield><datafield ind1=' ' ind2=' ' tag='500'><subfield code='a'>p</subfield></datafield><datafield ind1=' ' ind2=' ' tag='502'><subfield code='a'>Trzeci tom Sagi o Heechach.</subfield></datafield><datafield ind1='1' ind2=' ' tag='700'><subfield code='a'>Pers, Jolanta</subfield><subfield code='e'>Tł.</subfield></datafield><datafield ind1=' ' ind2='0' tag='830'><subfield code='a'>Gateway (Frederik Pohl)</subfield></datafield><datafield ind1=' ' ind2=' ' tag='852'><subfield code='b'>48OMNIS_NETWORK</subfield><subfield code='8'>9913261765305606</subfield></datafield><datafield ind1=' ' ind2=' ' tag='852'><subfield code='b'>48OMNIS_KR</subfield><subfield code='8'>991000030519708216</subfield></datafield><datafield ind1=' ' ind2=' ' tag='920'><subfield code='a'>83-88431-17-X</subfield></datafield></record>
  </collection>
</resp>
